| 000 | 00608cam a2200193 a 4500 | ||
|---|---|---|---|
| 001 | 000008113 | ||
| 005 | 20200929154435.0 | ||
| 008 | 720606s1965 mx 000 0 spa | ||
| 040 |
_aDO-SdBNP _bspa _cBNPHU |
||
| 082 |
_aM863.44 _bH557v |
||
| 100 | 1 |
_aHernández, Luisa Josefina. _922026 |
|
| 245 | 1 | 3 |
_aEl valle que elegimos / _cLuisa Josefina Hernández. |
| 260 |
_aMéxico, D. F. : _bJoaquín Mortiz, _c1965. |
||
| 300 |
_a257 p. ; _c20 cm. |
||
| 490 | 1 | _aNovelistas Contemporáneos | |
| 650 | 4 |
_aNovela mexicana _93959 |
|
| 650 | 4 |
_aLiteratura mexicana _91922 |
|
| 830 | 0 |
_aNovelistas Contemporáneos _911918 |
|
| 999 |
_c7890 _d7890 |
||